[Event "PRO League Group Stage"]
[Site "chess.com INT"]
[Date "2019.01.21"]
[Round "3"]
[White "Tarini, Goyal"]
[Black "Andriasian, Zaven"]
[Result "0-1"]
[WhiteTitle "WFM"]
[BlackTitle "GM"]
[WhiteElo "2150"]
[BlackElo "2604"]
[WhiteTeam "Delhi Dynamite"]
[BlackTeam "Armenia Eagles"]
[WhiteFideId "5082749"]
[BlackFideId "13302000"]
[EventDate "2019.01.08"]

1. d4 Nf6 2. c4 c5 3. d5 e5 4. Nc3 d6 5. e4 Be7 6. Bd3 O-O 7. Nge2 Na6 8. O-O
Nc7 9. h3 Rb8 10. a3 Bd7 11. b4 b6 12. Be3 g6 13. Bh6 Re8 14. f4 Bf8 15. Bxf8
Kxf8 16. Qd2 Kg7 17. Rf2 Ng8 18. Raf1 f6 19. Ng3 exf4 20. Rxf4 Qe7 21. Qf2 Qe5
22. Nce2 Na6 23. b5 Nc7 24. h4 Rf8 25. h5 Nh6 26. Rh4 g5 27. Rh1 a6 28. bxa6 Ra8
29. Nf5+ Bxf5 30. exf5 Rxa6 31. Re1 Re8 32. g3 Rxa3 33. Kg2 Ng4 34. h6+ Kf8 35.
Nc1 Nxf2 36. Rxe5 Nxd3 37. Rxe8+ Nxe8 38. Nxd3 Rxd3 39. Rc1 g4 40. Ra1 Re3 41.
Ra6 Re2+ 42. Kf1 Re5 43. Ra7 Re7 44. Ra6 Rb7 45. Ra2 b5 46. cxb5 Nc7 47. b6 Nxd5
48. Ra8+ Kf7 49. Rh8 Rxb6 50. Rxh7+ Kg8 51. Rg7+ Kh8 52. Rd7 Ne3+ 53. Kf2 Nxf5
54. h7 Rb2+ 55. Kf1 Nxg3+ 0-1

[Event "PRO League Group Stage"]
[Site "chess.com INT"]
[Date "2019.01.21"]
[Round "3"]
[White "Bryakin, Mikhail"]
[Black "Kunte, Abhijit"]
[Result "1/2-1/2"]
[WhiteTitle "FM"]
[BlackTitle "GM"]
[WhiteElo "2426"]
[BlackElo "2485"]
[WhiteTeam "Volga Stormbringers"]
[BlackTeam "Mumbai Movers"]
[WhiteFideId "4165314"]
[BlackFideId "5002265"]
[EventDate "2019.01.08"]

1. d4 Nf6 2. c4 e6 3. g3 Bb4+ 4. Bd2 c5 5. Bxb4 cxb4 6. Nf3 O-O 7. Bg2 d6 8. O-O
a5 9. a3 Na6 10. axb4 Nxb4 11. Nc3 Qc7 12. Qb3 Bd7 13. Rac1 Rac8 14. Nd2 b6 15.
Na2 Nxa2 16. Qxa2 e5 17. e3 Be6 18. Qa3 h6 19. b4 axb4 20. Qxb4 Rb8 21. Rc3 Rfc8
22. Rfc1 Bd7 23. Ne4 Nxe4 24. Bxe4 Bc6 25. Qb1 Bxe4 26. Qxe4 Qc6 27. Qxc6 Rxc6
28. dxe5 dxe5 29. Rb1 Rbc8 30. Rcb3 Rxc4 31. Rxb6 Rc1+ 32. Kg2 Rxb1 33. Rxb1 h5
34. h4 f6 35. Kf3 Rc4 36. e4 Rc3+ 37. Ke2 Kh7 38. Rb7 Kg6 39. Rd7 Ra3 40. Rc7
Rb3 41. Rd7 Ra3 42. Rc7 Rb3 43. Rd7 Ra3 44. Rc7 1/2-1/2

[Event "PRO League Group Stage"]
[Site "chess.com INT"]
[Date "2019.01.21"]
[Round "3"]
[White "Mohammad, Nubairshah Shaikh"]
[Black "Abdusattorov, Nodirbek"]
[Result "1-0"]
[WhiteTitle "IM"]
[BlackTitle "GM"]
[WhiteElo "2437"]
[BlackElo "2560"]
[WhiteTeam "Mumbai Movers"]
[BlackTeam "Volga Stormbringers"]
[WhiteFideId "5053196"]
[BlackFideId "14204118"]
[EventDate "2019.01.08"]

1. d4 Nf6 2. c4 e6 3. Nc3 Bb4 4. Qc2 O-O 5. e4 d5 6. e5 Ne4 7. Bd3 c5 8. Ne2
cxd4 9. Nxd4 Nd7 10. Bf4 Qb6 11. Nb3 Qc7 12. O-O Nxe5 13. Bxe4 dxe4 14. Qxe4
Bxc3 15. bxc3 f6 16. Rfe1 Qxc4 17. Bxe5 Qxe4 18. Rxe4 fxe5 19. Rxe5 b6 20. Rd1
Re8 21. Rd6 Kf7 22. Nd4 Ke7 23. Nf5+ Kf6 24. f4 Ba6 25. Ng3 Bc4 26. Rd7 Rad8 27.
Rc7 Rd1+ 28. Kf2 Bd5 29. Nh5+ Kg6 30. g4 Rg8 31. Nxg7 Rd3 32. Rg5+ Kh6 33. Rh5+
Kg6 34. Ke2 Rf3 35. Rg5+ Kh6 36. Nxe6 Re8 37. Rh5+ 1-0

[Event "PRO League Group Stage"]
[Site "chess.com INT"]
[Date "2019.01.21"]
[Round "3"]
[White "Raja, Harshit"]
[Black "Andreikin, Dmitry"]
[Result "1/2-1/2"]
[WhiteTitle "IM"]
[BlackTitle "GM"]
[WhiteElo "2432"]
[BlackElo "2725"]
[WhiteTeam "Mumbai Movers"]
[BlackTeam "Volga Stormbringers"]
[WhiteFideId "5089000"]
[BlackFideId "4158814"]
[EventDate "2019.01.08"]

1. e4 c5 2. Nf3 Nc6 3. d4 cxd4 4. Nxd4 e6 5. Nc3 d6 6. g3 Bd7 7. Bg2 Nf6 8. O-O
Be7 9. Bg5 O-O 10. Ndb5 Qb8 11. Bxf6 Bxf6 12. Qxd6 Rd8 13. Rfd1 a6 14. Qxb8
Raxb8 15. Nd6 b5 16. a3 Nd4 17. f4 Nxc2 18. e5 Nxa1 19. exf6 Be8 20. Nce4 Nb3
21. fxg7 Kxg7 22. f5 exf5 23. Nxf5+ Kf8 24. Ned6 Bd7 25. Nb7 Bxf5 26. Nxd8 Na5
27. Nc6 Nxc6 28. Bxc6 b4 29. Rd2 Rb6 30. Bd7 Bxd7 31. Rxd7 bxa3 32. bxa3 Rb3 33.
a4 Rb4 34. a5 Rb5 35. Kf2 Rxa5 36. Ra7 Ra1 37. Kf3 a5 38. Kg4 Kg7 39. Ra6 a4 40.
Kg5 a3 41. h4 a2 42. g4 f6+ 43. Kh5 Kf7 44. Ra7+ Ke6 45. Ra5 Kd6 46. Kh6 Rh1 47.
Rxa2 Rxh4+ 48. Kg7 Ke5 49. Ra5+ Kf4 50. Kxf6 Kxg4 51. Ra4+ Kh5 52. Rxh4+ Kxh4
53. Kf5 Kg3 54. Kg5 h5 55. Kxh5 1/2-1/2

[Event "PRO League Group Stage"]
[Site "chess.com INT"]
[Date "2019.01.21"]
[Round "3"]
[White "Remizov, Yaroslav"]
[Black "Ganguly, Surya Shekhar"]
[Result "1/2-1/2"]
[WhiteTitle "FM"]
[BlackTitle "GM"]
[WhiteElo "2357"]
[BlackElo "2638"]
[WhiteTeam "Volga Stormbringers"]
[BlackTeam "Mumbai Movers"]
[WhiteFideId "34134015"]
[BlackFideId "5002150"]
[EventDate "2019.01.08"]

1. e4 e5 2. Nf3 Nc6 3. Nc3 Nf6 4. Be2 d5 5. exd5 Nxd5 6. O-O Nxc3 7. bxc3 Bd6 8.
d4 exd4 9. cxd4 O-O 10. c3 Bg4 11. h3 Bh5 12. Be3 Re8 13. Nd2 Bxe2 14. Qxe2 Qf6
15. Qf3 Qxf3 16. Nxf3 Na5 17. Nd2 f5 18. Nb3 Nc4 19. Rfe1 a5 20. a4 Kf7 21. Rac1
b5 22. axb5 f4 23. Nd2 Nb6 24. c4 fxe3 25. fxe3 Bb4 26. Rc2 Bxd2 27. Rxd2 Nxc4
28. Rc2 Nxe3 29. Rxc7+ Kg8 30. Rd7 a4 31. b6 a3 32. Ra7 a2 33. Kf2 Nd5 34. Rxe8+
Rxe8 35. b7 Rf8+ 36. Kg3 Rb8 37. Ra8 a1=Q 38. Rxb8+ Kf7 39. Rc8 Qe1+ 40. Kh2 Ne3
41. b8=Q Nf1+ 42. Kg1 1/2-1/2

[Event "PRO League Group Stage"]
[Site "chess.com INT"]
[Date "2019.01.21"]
[Round "3"]
[White "Ladva, Ottomar"]
[Black "Dobrov, Vladimir"]
[Result "0-1"]
[WhiteTitle "GM"]
[BlackTitle "GM"]
[WhiteElo "2497"]
[BlackElo "2478"]
[WhiteTeam "Estonia Horses"]
[BlackTeam "Moscow Wizards"]
[WhiteFideId "4500024"]
[BlackFideId "4136594"]
[EventDate "2019.01.08"]

1. Nf3 d5 2. e3 Nf6 3. c4 c6 4. Nc3 e6 5. b3 Bd6 6. Bb2 O-O 7. Qc2 e5 8. cxd5
cxd5 9. Nb5 Nc6 10. Nxd6 Qxd6 11. Be2 d4 12. exd4 e4 13. Ne5 Nxd4 14. Bxd4 Qxd4
15. Qc3 Qd6 16. O-O Bf5 17. Nc4 Qe7 18. d4 Nd5 19. Qg3 Rad8 20. Rfd1 Be6 21.
Rac1 f5 22. Qe5 Nb4 23. Ne3 Nc6 24. Rxc6 bxc6 25. Bc4 Rde8 26. Nxf5 Qf7 0-1

[Event "PRO League Group Stage"]
[Site "chess.com INT"]
[Date "2019.01.21"]
[Round "3"]
[White "Lushenkov, Mikhail"]
[Black "Ehlvest, Jaan"]
[Result "1/2-1/2"]
[WhiteTitle "IM"]
[BlackTitle "GM"]
[WhiteElo "2434"]
[BlackElo "2521"]
[WhiteTeam "Moscow Wizards"]
[BlackTeam "Estonia Horses"]
[WhiteFideId "4162129"]
[BlackFideId "4500016"]
[EventDate "2019.01.08"]

1. Nf3 d6 2. d4 Nf6 3. c4 Nbd7 4. Nc3 e5 5. Bg5 h6 6. Bh4 Be7 7. e3 c6 8. Qc2
O-O 9. Be2 a6 10. Rd1 Qc7 11. dxe5 dxe5 12. O-O Re8 13. Nd2 a5 14. h3 Nc5 15.
Bg3 Bf8 16. Nb3 Nxb3 17. Qxb3 Be6 18. Qc2 Nd7 19. Bg4 Bxg4 20. hxg4 Nf6 21. Qf5
Re6 22. Ne4 Nxe4 23. Qxe4 Rd8 24. Rd3 Rxd3 25. Qxd3 Qb6 26. b3 f6 27. Rd1 Rd6
28. Qc2 Qd8 29. Rxd6 Qxd6 1/2-1/2

[Event "PRO League Group Stage"]
[Site "chess.com INT"]
[Date "2019.01.21"]
[Round "3"]
[White "Chukavin, Kirill"]
[Black "Kosteniuk, Alexandra"]
[Result "1-0"]
[WhiteTitle "FM"]
[BlackTitle "GM"]
[WhiteElo "2307"]
[BlackElo "2537"]
[WhiteTeam "Estonia Horses"]
[BlackTeam "Moscow Wizards"]
[WhiteFideId "4503023"]
[BlackFideId "4128125"]
[EventDate "2019.01.08"]

1. e4 e5 2. Nf3 Nc6 3. Nc3 Nf6 4. Be2 d5 5. exd5 Nxd5 6. O-O Nxc3 7. bxc3 e4 8.
Ne1 Bd6 9. f3 Bf5 10. Rb1 Qh4 11. g3 Bxg3 12. hxg3 Qxg3+ 13. Ng2 O-O-O 14. fxe4
Bxe4 15. Bg4+ Kb8 16. Bf3 Rhe8 17. d3 Bxf3 18. Qxf3 Qxf3 19. Rxf3 f6 20. Bf4 Re2
21. Ne3 Re8 22. Rd1 Ne5 23. Rf2 Rxf2 24. Kxf2 h5 25. d4 Ng6 26. Bh2 Ne7 27. Re1
Rd8 28. Ke2 Kc8 29. Rg1 g5 30. Rf1 Rf8 31. Nf5 Ng6 32. Kd3 Kd7 33. c4 h4 34. Nh6
c6 35. c5 Ne7 36. Bd6 h3 37. Re1 Re8 38. Rh1 Nd5 39. Rxh3 Rh8 40. Rh2 Re8 41.
Ng4 Re1 42. Rh7+ Ke6 43. c4 Nb4+ 44. Kc3 Nxa2+ 45. Kd2 Ra1 46. Ne3 f5 47. d5+
Kf6 48. Rxb7 f4 49. Ng4+ Kf5 50. Ne5 cxd5 51. c6 Rh1 52. Rf7+ Ke4 53. c7 Rh2+
54. Kd1 Nc3+ 55. Ke1 Rh1+ 56. Kf2 Rh2+ 57. Kg1 1-0

[Event "PRO League Group Stage"]
[Site "chess.com INT"]
[Date "2019.01.21"]
[Round "3"]
[White "Vastrukhin, Oleg"]
[Black "Meshkovs, Nikita"]
[Result "0-1"]
[BlackTitle "GM"]
[WhiteElo "2413"]
[BlackElo "2557"]
[WhiteTeam "Moscow Wizards"]
[BlackTeam "Estonia Horses"]
[WhiteFideId "4192770"]
[BlackFideId "11602740"]
[EventDate "2019.01.08"]

1. Nf3 d5 2. g3 g6 3. Bg2 Bg7 4. O-O Nf6 5. d4 c6 6. Nbd2 O-O 7. c4 Bf5 8. b3 a5
9. Bb2 a4 10. Nh4 Be6 11. e3 Nbd7 12. f4 Qa5 13. f5 Bxf5 14. Nxf5 gxf5 15. Rxf5
a3 16. Bc1 Qc3 17. Rb1 Qxe3+ 18. Kh1 Qxd4 19. Qf1 Nc5 20. cxd5 cxd5 21. b4 Nd3
22. Nb3 Qc4 23. Na5 Qc2 24. Bg5 Ng4 25. Rb3 Ndf2+ 26. Kg1 Qxf5 27. Bxe7 Bd4 28.
Rf3 Nh3+ 29. Kh1 Ngf2+ 0-1

[Event "PRO League Group Stage"]
[Site "chess.com INT"]
[Date "2019.01.21"]
[Round "3"]
[White "Zakhartsov, Vladimir"]
[Black "Jojua, Davit"]
[Result "0-1"]
[WhiteTitle "IM"]
[BlackTitle "GM"]
[WhiteElo "2483"]
[BlackElo "2588"]
[WhiteTeam "Moscow Phoenix"]
[BlackTeam "Tbilisi Gentlemen"]
[WhiteFideId "4145097"]
[BlackFideId "13602543"]
[EventDate "2019.01.08"]

1. Nf3 g6 2. c4 Bg7 3. Nc3 c5 4. e3 Nf6 5. d4 O-O 6. d5 d6 7. Be2 e6 8. O-O exd5
9. cxd5 Re8 10. Nd2 Na6 11. e4 Nc7 12. a4 Rb8 13. Re1 a6 14. a5 Bd7 15. Bf1 Nb5
16. Ndb1 Nd4 17. Bf4 Qe7 18. h3 Bb5 19. Na3 Bxf1 20. Kxf1 Nh5 21. Bh2 Be5 22. g3
Nb5 23. Ncxb5 axb5 24. Qb3 c4 25. Qxb5 Qf6 26. Kg2 Bd4 27. Bg1 Bxb2 28. Ra2 Bxa3
29. Rxa3 Qd4 30. f3 Qd2+ 31. Bf2 Rec8 32. Rae3 c3 33. Qe2 Ra8 34. Qxd2 cxd2 35.
Rd1 Rc2 36. Rd3 Rxa5 37. R3xd2 Rxd2 38. Rxd2 f5 39. e5 Ra6 40. f4 Kf8 41. Rb2
Ra5 42. Rd2 Ke8 43. Bb6 Ra3 44. Bf2 Ra5 45. Rd3 g5 46. Rd4 gxf4 47. gxf4 Ra2 48.
Kf3 Ra3+ 49. Be3 Rb3 50. Kf2 Rb2+ 51. Rd2 Rb4 52. Kf3 Rb3 53. exd6 Kd7 54. Kf2
Nf6 55. Rd1 Ne4+ 56. Kf3 b5 57. Rg1 Kxd6 58. Rg7 Nc3 59. Kf2 Nd1+ 60. Ke2 Nxe3
61. Rxh7 Nxd5 62. Rh6+ Kc5 63. h4 Nxf4+ 64. Kd2 Kd4 65. Rh8 Rh3 66. h5 Rxh5 67.
Rd8+ Nd5 68. Ke2 f4 69. Kf3 b4 70. Kg4 Rh1 0-1

[Event "PRO League Group Stage"]
[Site "chess.com INT"]
[Date "2019.01.21"]
[Round "3"]
[White "Golubov, Saveliy"]
[Black "Jobava, Baadur"]
[Result "0-1"]
[WhiteTitle "IM"]
[BlackTitle "GM"]
[WhiteElo "2482"]
[BlackElo "2629"]
[WhiteTeam "Moscow Phoenix"]
[BlackTeam "Tbilisi Gentlemen"]
[WhiteFideId "24176729"]
[BlackFideId "13601520"]
[EventDate "2019.01.08"]

1. e4 c6 2. d3 d5 3. Nd2 e5 4. g3 Bd6 5. Bg2 Ne7 6. Ngf3 O-O 7. O-O Re8 8. Re1
Nd7 9. d4 exd4 10. Nxd4 dxe4 11. Nxe4 Bc7 12. c3 Nf8 13. Bd2 Bb6 14. Nb3 Ne6 15.
Be3 Nd5 16. Bxb6 axb6 17. c4 Nb4 18. Qxd8 Rxd8 19. Rad1 Rxd1 20. Rxd1 Rxa2 21.
Rd2 Nf8 22. h4 Be6 23. Bf1 h6 24. Nd6 Nd7 25. f4 Bg4 26. Nxb7 Nf6 27. Bg2 c5 28.
Nd6 h5 29. f5 g6 30. fxg6 fxg6 31. Nc8 Bxc8 32. Rd6 Rxb2 33. Rxf6 Rxb3 34. Rxg6+
Kf7 35. Rxb6 Rxg3 36. Kf2 Rg4 0-1

[Event "PRO League Group Stage"]
[Site "chess.com INT"]
[Date "2019.01.21"]
[Round "3"]
[White "Volkov, Nika"]
[Black "Sychev, Klementy"]
[Result "1/2-1/2"]
[BlackTitle "IM"]
[WhiteElo "2153"]
[BlackElo "2537"]
[WhiteTeam "Tbilisi Gentlemen"]
[BlackTeam "Moscow Phoenix"]
[WhiteFideId "13604376"]
[BlackFideId "4114060"]
[EventDate "2019.01.08"]

1. d4 e6 2. c4 f5 3. Nc3 Nf6 4. Nf3 Be7 5. g3 O-O 6. Bg2 Ne4 7. O-O Nxc3 8. bxc3
d6 9. Rb1 Nc6 10. Qc2 e5 11. dxe5 dxe5 12. Rd1 Qe8 13. e4 fxe4 14. Nd2 e3 15.
fxe3 Rb8 16. Qa4 Bd7 17. Ne4 Nd4 18. Qa5 Bg4 19. Rxd4 exd4 20. exd4 Bd6 21. Bd2
Qg6 22. c5 Bf5 23. Re1 b6 24. cxb6 axb6 25. Qd5+ Kh8 26. Nxd6 Qxd6 27. Bf4 Qxd5
28. Bxd5 Rbd8 29. Bc6 Rf7 30. d5 h6 31. c4 Bd3 32. Rc1 g5 33. Be5+ Kh7 34. Rc3
Bg6 35. g4 Rdf8 36. Re3 Re7 37. a4 Bc2 38. Kg2 Bd3 39. a5 bxa5 40. c5 Bf1+ 41.
Kg3 Bc4 42. d6 cxd6 43. cxd6 Re6 44. Be4+ Kg8 45. Bf5 Ree8 46. d7 Re7 47. Rf3
Rd8 48. Bc7 Rdxd7 49. Bxd7 Rxd7 50. Bxa5 Be2 51. Re3 Bd1 52. Bc3 Kh7 53. h3 Bc2
54. Kf2 Rf7+ 55. Ke1 Ba4 56. Bd4 Bc6 57. Bc3 Bd5 58. Ke2 Bc4+ 59. Kd2 Rf2+ 60.
Kc1 Rh2 61. Be5 Rh1+ 62. Kd2 Bd5 63. Rg3 Kg6 64. Ke3 Bc4 65. Kf2 Bf1 66. Rc3
Bxh3 67. Rc6+ Kh7 68. Rc7+ Kg8 69. Kg3 Re1 70. Bd4 Re4 71. Bg7 Bxg4 72. Bxh6 Bd1
73. Rg7+ Kh8 74. Rxg5 Kh7 75. Bg7 Re7 76. Bd4 Rd7 77. Be5 Be2 78. Kf2 Bd1 79.
Ke3 Bc2 80. Kf4 Bg6 81. Rg3 Rf7+ 82. Ke3 Rf5 83. Kd4 Rh5 84. Kd5 Rh1 85. Ke6 Rh5
86. Bf6 Bf5+ 87. Kf7 Rh3 88. Rg5 Bc2 89. Rg7+ Kh6 90. Rg1 Bb3+ 91. Ke7 Re3+ 92.
Kf8 Kh5 93. Rg5+ Kh6 94. Rb5 Kg6 95. Rb6 Rd3 96. Bc3+ Kf5 97. Rxb3 Ke4 98. Rb4+
Kd5 99. Bg7 Ke6 100. Rb6+ Kf5 101. Ke7 Re3+ 102. Kf7 Rd3 103. Bf6 Rd7+ 104. Be7
Rd5 105. Rf6+ Ke4 106. Ke6 Re5+ 107. Kd7 Rf5 108. Ra6 Rb5 109. Bd6 Kd5 110. Ra2
Rb7+ 111. Bc7 Kc4 112. Kc6 Kb3 113. Ra1 Rb4 114. Bd6 Kb2 115. Rg1 Rb3 116. Be5+
Kc2 117. Kc5 Kd3 118. Rg3+ Kc2 119. Rg2+ Kd3 120. Bd4 Rb1 121. Kd5 Rb5+ 122. Bc5
Rb3 123. Rg3+ Kc2 124. Be3 Kd3 125. Bd4+ Kc2 126. Rg1 Kd3 127. Rh1 Rb5+ 128. Bc5
Rb3 129. Rh3+ Kc2 130. Rh4 Kd3 131. Rd4+ Kc2 132. Kc4 Rc3+ 133. Kb4 Rb3+ 134.
Ka4 Rd3 135. Rg4 Kd2 136. Kb4 Ke2 137. Kc4 Kf3 138. Rh4 Rd1 139. Bd4 Kg3 140.
Re4 Kf3 141. Kd5 Rd3 142. Ke5 Rb3 143. Rf4+ Kg3 144. Ke4 Rb4 145. Rf8 Kg4 146.
Rg8+ Kh4 147. Ke3 Kh5 148. Be5 Kh6 149. Kf3 Kh7 150. Rg1 Rb6 151. Kf4 Rg6 152.
Rh1+ Rh6 153. Rb1 Rh5 154. Rb7+ Kg6 155. Rg7+ Kh6 156. Rg8 Kh7 157. Rg7+ Kh6
158. Rg1 Kh7 159. Ke4 Kh6 160. Kd5 Rh3 161. Ke6 Rf3 162. Bf6 Kh5 163. Kf7 Rf2
164. Rg5+ Kh6 165. Rg4 Rf5 166. Rh4+ Rh5 167. Bg7+ Kg5 168. Bf6+ Kh6 169. Rg4
Rh1 170. Kg8 Kh5 171. Rg5+ Kh6 172. Rg3 1/2-1/2

[Event "PRO League Group Stage"]
[Site "chess.com INT"]
[Date "2019.01.21"]
[Round "3"]
[White "Harikrishna, Pentala"]
[Black "Sargsyan, Shant"]
[Result "1/2-1/2"]
[WhiteTitle "GM"]
[BlackTitle "IM"]
[WhiteElo "2730"]
[BlackElo "2486"]
[WhiteTeam "Delhi Dynamite"]
[BlackTeam "Armenia Eagles"]
[WhiteFideId "5007003"]
[BlackFideId "13306766"]
[EventDate "2019.01.08"]

1. e4 e5 2. Nf3 Nc6 3. Bb5 a6 4. Ba4 Nf6 5. O-O Nxe4 6. d4 b5 7. Bb3 d5 8. dxe5
Be6 9. Nbd2 Be7 10. c3 O-O 11. Nd4 Nxd4 12. cxd4 Nxd2 13. Bxd2 c5 14. dxc5 Bxc5
15. Bc2 Rc8 16. Bd3 Qh4 17. a4 Bd4 18. axb5 axb5 19. Qe1 Bxb2 20. Rb1 Qd4 21.
Bxb5 Qxe5 22. Qxe5 Bxe5 23. Bb4 Bf5 24. Rbd1 Rfd8 25. Be7 Rb8 26. Bxd8 Rxb5 27.
Bg5 d4 28. h3 f6 29. Bd2 Rb2 30. Ba5 g5 31. Rfe1 h5 32. Rd2 Rb5 33. Ra2 Kf7 34.
Bd2 Kg6 1/2-1/2

[Event "PRO League Group Stage"]
[Site "chess.com INT"]
[Date "2019.01.21"]
[Round "3"]
[White "Gupta, Abhijeet"]
[Black "Sargsyan, Anna M."]
[Result "1-0"]
[WhiteTitle "GM"]
[BlackTitle "WFM"]
[WhiteElo "2581"]
[BlackElo "2339"]
[WhiteTeam "Delhi Dynamite"]
[BlackTeam "Armenia Eagles"]
[WhiteFideId "5010608"]
[BlackFideId "13308130"]
[EventDate "2019.01.08"]

1. d4 d5 2. Bf4 Nf6 3. e3 c5 4. Nf3 Nc6 5. Nbd2 Bg4 6. c3 e6 7. Qb3 Qc8 8. Ne5
Nxe5 9. Bxe5 c4 10. Qc2 Bf5 11. Qc1 Nd7 12. Bg3 h5 13. h4 e5 14. Be2 Bd6 15. O-O
Qc7 16. b3 cxb3 17. axb3 exd4 18. Bxd6 Qxd6 19. cxd4 O-O 20. Bxh5 Qh6 21. Bf3
Rac8 22. Qa3 Rc2 23. Ra2 Rfc8 24. Bxd5 Rxa2 25. Qxa2 Rc2 26. Qa5 Bd3 27. Qd8+
Nf8 28. Nf3 Bxf1 29. Ng5 Bc4 30. Nxf7 Rc1+ 31. Kh2 Qf6 32. bxc4 Qxd8 33. Nxd8+
Kh7 34. Nxb7 Ng6 35. c5 Ne7 36. Be4+ Kg8 37. d5 1-0

[Event "PRO League Group Stage"]
[Site "chess.com INT"]
[Date "2019.01.21"]
[Round "3"]
[White "Andriasian, Zaven"]
[Black "Narayanan, S.L."]
[Result "1/2-1/2"]
[WhiteTitle "GM"]
[BlackTitle "GM"]
[WhiteElo "2604"]
[BlackElo "2575"]
[WhiteTeam "Armenia Eagles"]
[BlackTeam "Delhi Dynamite"]
[WhiteFideId "13302000"]
[BlackFideId "5058422"]
[EventDate "2019.01.08"]

1. e4 c5 2. Nf3 d6 3. d4 cxd4 4. Nxd4 Nf6 5. Nc3 a6 6. Be3 e5 7. Nf3 Be7 8. Bc4
O-O 9. O-O Be6 10. Bb3 b5 11. Bg5 Nbd7 12. Bxf6 Nxf6 13. Re1 Rc8 14. Re2 Rc5 15.
a3 Qc7 16. h3 Rc8 17. Ne1 Qb7 18. Re3 a5 19. Qf3 a4 20. Bxe6 fxe6 21. Nd3 Rc4
22. Rae1 Bd8 23. Qe2 Bb6 24. Rf3 Bd4 25. Rxf6 gxf6 26. Qg4+ Kh8 27. Qxe6 Qg7 28.
Nxb5 Rg8 29. g4 Rxc2 30. Nxd6 Rf8 31. Nf5 Qf7 32. Nxd4 exd4 33. Qd6 Rc4 34. e5
fxe5 35. Rxe5 Rc1+ 36. Kh2 Qf3 37. Nxc1 Qxf2+ 38. Kh1 Qf1+ 39. Kh2 Rf2+ 40. Kg3
Rf3+ 41. Kh4 Rxh3+ 42. Kg5 Qxc1+ 43. Kf5 Qf1+ 44. Kg5 Qc1+ 45. Kf5 1/2-1/2

[Event "PRO League Group Stage"]
[Site "chess.com INT"]
[Date "2019.01.21"]
[Round "3"]
[White "Martirosyan, Haik M."]
[Black "Tarini, Goyal"]
[Result "1/2-1/2"]
[WhiteTitle "GM"]
[BlackTitle "WFM"]
[WhiteElo "2607"]
[BlackElo "2150"]
[WhiteTeam "Armenia Eagles"]
[BlackTeam "Delhi Dynamite"]
[WhiteFideId "13306553"]
[BlackFideId "5082749"]
[EventDate "2019.01.08"]

1. c4 e6 2. Nc3 d5 3. e3 Nf6 4. Nf3 Be7 5. g4 b6 6. g5 Ne4 7. h4 Bb7 8. cxd5
Nxc3 9. bxc3 Bxd5 10. Rg1 O-O 11. Be2 Nd7 12. Qc2 Nc5 13. d4 Be4 14. Qd1 Nd7 15.
h5 c5 16. Nd2 Bb7 17. g6 fxg6 18. hxg6 Bh4 19. gxh7+ Kh8 20. Bf3 Bxf3 21. Nxf3
Qf6 22. Rg4 g5 23. e4 Qxf3 24. Qxf3 Rxf3 25. Bxg5 Bxg5 26. Rxg5 Raf8 27. e5 Kxh7
28. O-O-O Rxc3+ 29. Kb1 Rh3 30. d5 exd5 31. Rdg1 Kh8 32. f4 d4 33. Rg6 c4 34. e6
Nf6 35. e7 Re8 36. Rxf6 Rxe7 37. Rc6 c3 38. f5 Kh7 39. Kc2 Rf7 40. Rg5 Rh2+ 41.
Kb3 c2 42. Rxc2 Rxc2 43. Kxc2 Kh6 44. Rg6+ Kh5 45. Rd6 Rxf5 46. Rxd4 Kg5 47. Rd7
Ra5 48. Kb3 Kf6 49. Rh7 Ke6 50. a4 Kd6 51. Kb4 Kc6 52. Rg7 Kd6 53. Rh7 Kc6 54.
Rg7 Kd6 55. Rf7 Kc6 56. Re7 Kd6 57. Rb7 Kc6 58. Rh7 Kd6 59. Rh6+ Kc7 60. Rh7+
Kc6 61. Rg7 Kd6 62. Rf7 Kc6 63. Rh7 Kd6 64. Kb3 Kc6 65. Rg7 Kd6 66. Rg6+ Kc7 67.
Rg7+ Kc6 68. Kb4 Kd6 69. Rh7 Kc6 70. Re7 Kd6 71. Rf7 Kc6 72. Rg7 1/2-1/2

[Event "PRO League Group Stage"]
[Site "chess.com INT"]
[Date "2019.01.21"]
[Round "3"]
[White "Ganguly, Surya Shekhar"]
[Black "Bryakin, Mikhail"]
[Result "1-0"]
[WhiteTitle "GM"]
[BlackTitle "FM"]
[WhiteElo "2638"]
[BlackElo "2426"]
[WhiteTeam "Mumbai Movers"]
[BlackTeam "Volga Stormbringers"]
[WhiteFideId "5002150"]
[BlackFideId "4165314"]
[EventDate "2019.01.08"]

1. e4 c6 2. d4 d5 3. exd5 cxd5 4. Bd3 Nc6 5. c3 Nf6 6. Bf4 g6 7. Nf3 Bf5 8. Bxf5
gxf5 9. O-O e6 10. Nbd2 Bd6 11. Ne5 Qc7 12. Qe2 Nd7 13. Nxd7 Qxd7 14. Bxd6 Qxd6
15. Nf3 O-O-O 16. b4 Kb8 17. a4 Ne7 18. Ne5 Rhf8 19. Nd3 Rc8 20. Nc5 b6 21. Na6+
Kb7 22. a5 Rc4 23. axb6 axb6 24. Nc5+ bxc5 25. bxc5 Qc7 26. Rfb1+ Kc6 27. Rb6+
Kd7 28. Rd6+ Ke8 29. Ra8+ Nc8 30. Rxe6+ fxe6 31. Qxe6+ Kd8 32. Qxd5+ Qd7 33.
Qxc4 Re8 34. Ra1 Qe6 35. Qb5 Qe2 36. Qa5+ Ke7 37. h3 Kf7 38. d5 Rg8 39. d6 Qe4
40. g3 Qd3 41. Qc7+ Kf6 42. d7 Ne7 43. Re1 Ng6 44. Re8 Qd1+ 45. Kh2 Qd2 46.
d8=Q+ 1-0

[Event "PRO League Group Stage"]
[Site "chess.com INT"]
[Date "2019.01.21"]
[Round "3"]
[White "Kunte, Abhijit"]
[Black "Remizov, Yaroslav"]
[Result "0-1"]
[WhiteTitle "GM"]
[BlackTitle "FM"]
[WhiteElo "2485"]
[BlackElo "2357"]
[WhiteTeam "Mumbai Movers"]
[BlackTeam "Volga Stormbringers"]
[WhiteFideId "5002265"]
[BlackFideId "34134015"]
[EventDate "2019.01.08"]

1. Nf3 d5 2. g3 Bg4 3. Bg2 Nd7 4. O-O Ngf6 5. d3 e6 6. Nbd2 Be7 7. b3 O-O 8. Bb2
c5 9. h3 Bh5 10. e4 d4 11. a4 Ne8 12. c3 Ne5 13. cxd4 Nxd3 14. Qc2 Nxb2 15. Qxb2
cxd4 16. Rfd1 Bb4 17. Rac1 Bc3 18. Qa2 Nf6 19. Nc4 Nxe4 20. g4 Bg6 21. Nfe5 Qg5
22. f4 Qxf4 23. Rf1 Qg3 24. Rf3 Qh4 25. Nxg6 hxg6 26. Rcf1 f5 27. Ne5 Ng5 28.
Rd3 fxg4 29. Rxf8+ Rxf8 30. Nxg6 Qe1+ 31. Kh2 Rf2 32. Ne7+ Kf7 0-1

[Event "PRO League Group Stage"]
[Site "chess.com INT"]
[Date "2019.01.21"]
[Round "3"]
[White "Andreikin, Dmitry"]
[Black "Mohammad, Nubairshah Shaikh"]
[Result "1-0"]
[WhiteTitle "GM"]
[BlackTitle "IM"]
[WhiteElo "2725"]
[BlackElo "2437"]
[WhiteTeam "Volga Stormbringers"]
[BlackTeam "Mumbai Movers"]
[WhiteFideId "4158814"]
[BlackFideId "5053196"]
[EventDate "2019.01.08"]

1. d4 d5 2. c4 c6 3. Nf3 Nf6 4. e3 Bg4 5. h3 Bh5 6. Nc3 e6 7. g4 Bg6 8. Ne5 Nbd7
9. Nxg6 hxg6 10. a3 g5 11. Qf3 Be7 12. Bd2 Qb6 13. b4 dxc4 14. Bxc4 e5 15. Ne2
e4 16. Qg2 Bf8 17. Ng3 a5 18. O-O Be7 19. bxa5 Qc7 20. Rab1 Bxa3 21. Nxe4 Nxe4
22. Qxe4+ Kf8 23. Qf3 Nf6 24. e4 Nxe4 25. Qxe4 Rxh3 26. Qg2 Rh6 27. Rb3 Bd6 28.
Rfb1 Bh2+ 29. Kf1 Bf4 30. Rxb7 Qd6 31. Rxf7+ Ke8 32. Qe4+ Kd8 33. Bb4 Rb8 34.
Bxd6 Rxb1+ 35. Qxb1 Rh1+ 36. Kg2 Rxb1 37. Bxf4 gxf4 38. a6 Ra1 39. a7 Ke8 40.
Rxg7 Ra3 1-0